Movies Quiz

Random Movies or Animal Quiz

Random Animals in Movies Part 2 Quiz Stats

 Plays Quiz not verified by Sporcle

Challenge
Share
Tweet
Score 0/15 Timer 03:00
0 Plays Today
% Correct
Gladiator
75.5%
The Silence of the Lambs
72.4%
Forrest Gump
69.4%
Rear Window
67.3%
Lawrence of Arabia
63.3%
Napoleon Dynamite
60.2%
Mary Poppins
50%
Fury
44.9%
% Correct
Rise of the Planet of the Apes
42.9%
Guardians of the Galaxy
41.8%
Skyfall
36.7%
One Flew Over the Cuckoo's Nest
28.6%
Indiana Jones and the Kingdom of the Crystal Skull
27.6%
Ocean's Eleven
20.4%
The Wolverine
17.3%

You're not logged in!

Compare scores with friends on all Sporcle quizzes.
Join for Free
OR
Log In

You Might Also Like...

Show Comments

Extras

Created May 29, 2015ReportNominate
Tags:Animal Quiz, bird, cat, dog, horse, pet

Top Quizzes Today


Score Distribution

Your Account Isn't Verified!

In order to create a playlist on Sporcle, you need to verify the email address you used during registration. Go to your Sporcle Settings to finish the process.

Report this User

Report this user for behavior that violates our Community Guidelines.

Details: